[Event "Open Portugal 2019"]
[Site "Lisboa POR"]
[Date "2019.02.07"]
[Round "7.73"]
[White "Fernandes, Miguel"]
[Black "Quintino, Luís"]
[Result "1-0"]
[WhiteElo "2066"]
[BlackElo "1868"]
[WhiteFideId "1920456"]
[BlackFideId "1904086"]
[WhiteCountry "POR"]
[BlackCountry "POR"]
[PlyCount "56"]
[EventDate "2019.02.02"]

1. d4 d5 2. Nf3 c6 3. c4 g6 4. Nc3 Bg7 5. Bf4 dxc4 6. a4 Be6 7. e4 Nf6 8. Be2
O-O 9. O-O h6 10. Qc1 Kh7 11. Rd1 Qa5 12. Ne5 Nbd7 13. Nxc4 Bxc4 14. Bxc4 e5 15.
dxe5 Nxe5 16. Ba2 Nfd7 17. Qc2 Rad8 18. Bg3 Qb4 19. Rac1 Nc5 20. h3 Ned3 21. Rb1
Bxc3 22. Qxc3 Qxc3 23. bxc3 Nxe4 24. Rxb7 Nxc3 25. Ra1 Nxa2 26. Rxa2 a5 27. Rc2
Nb4 28. Rc5 Rb8 1-0

[Event "Open Portugal 2019"]
[Site "Lisboa POR"]
[Date "2019.02.07"]
[Round "7.74"]
[White "Guerreiro, Nuno"]
[Black "Marques, Pedro Godinho"]
[Result "1-0"]
[WhiteElo "2064"]
[BlackElo "1848"]
[WhiteFideId "1903012"]
[BlackFideId "1928414"]
[WhiteCountry "POR"]
[BlackCountry "POR"]
[PlyCount "113"]
[EventDate "2019.02.02"]

1. Nf3 c5 2. c4 e6 3. g3 d5 4. cxd5 exd5 5. d4 Nc6 6. Bg2 Nf6 7. O-O Be7 8. dxc5
Bxc5 9. Nc3 d4 10. Na4 Be7 11. b3 Bf5 12. Bb2 b5 13. Rc1 bxa4 14. Rxc6 axb3 15.
Nxd4 Bd7 16. Ra6 bxa2 17. Rxa2 O-O 18. Qa1 Bc5 19. Rc1 Rc8 20. Rxc5 Rxc5 21. Ba3
Qb6 22. Bxc5 Qxc5 23. Rxa7 Rc8 24. Ra8 Rxa8 25. Qxa8+ Ne8 26. Qa1 h6 27. e3 Nf6
28. h3 Kh7 29. Qa2 Kg8 30. Qc2 Qh5 31. Qe2 Qc5 32. Kh2 Qh5 33. Qxh5 Nxh5 34. g4
Nf6 35. Kg3 Kf8 36. Kf4 Ke7 37. Bf1 Nd5+ 38. Kg3 Nf6 39. Bc4 Ne4+ 40. Kg2 Nd6
41. Bd3 Kf6 42. Kg3 Ke7 43. Kf4 Kf6 44. e4 g5+ 45. Ke3 h5 46. gxh5 Kg7 47. e5
Ne8 48. Bb5 Bxb5 49. Nxb5 f5 50. Nd6 f4+ 51. Ke4 Nc7 52. Nf5+ Kf7 53. Nd4 Kg7
54. Kf5 Kh6 55. Kg4 Nd5 56. Nf5+ Kh7 57. Kxg5 1-0

[Event "Open Portugal 2019"]
[Site "Lisboa POR"]
[Date "2019.02.07"]
[Round "7.75"]
[White "Fernández Vallejo, Luis"]
[Black "Chingüün, Bayaraa"]
[Result "0-1"]
[WhiteElo "2063"]
[BlackElo "1817"]
[WhiteFideId "2296853"]
[BlackFideId "2076608"]
[BlackTitle "CM"]
[WhiteCountry "ESP"]
[BlackCountry "MGL"]
[PlyCount "120"]
[EventDate "2019.02.02"]

1. e4 c5 2. Nf3 d6 3. d4 cxd4 4. Nxd4 Nf6 5. Nc3 a6 6. Be2 e5 7. Nb3 Be7 8. O-O
O-O 9. Be3 Be6 10. f4 exf4 11. Rxf4 Nc6 12. Nd4 Ne5 13. Nf5 Bxf5 14. Rxf5 b5 15.
a3 Qc8 16. Rf1 Qc6 17. Nd5 Nxd5 18. exd5 Qb7 19. c3 f5 20. Rc1 Rac8 21. Rc2 Qd7
22. Bd3 g6 23. Kh1 Bf6 24. Re2 Rfe8 25. Rfe1 Qf7 26. Bb1 Bh4 27. Bf2 Bxf2 28.
Rxf2 Nc4 29. Rfe2 Rxe2 30. Qxe2 Qxd5 31. Ba2 Qf7 32. Qe6 Qxe6 33. Rxe6 Rc6 34.
Re7 h6 35. Rd7 Kf8 36. Bxc4 bxc4 37. Rb7 Ke8 38. Kg1 Rc5 39. Rb6 Kd7 40. a4 Rc6
41. Rb7+ Ke6 42. Kf2 Rc5 43. Ke3 Re5+ 44. Kd2 Ra5 45. Rg7 Kf6 46. Rd7 Ke5 47.
Re7+ Kd5 48. Rh7 Rxa4 49. Rxh6 g5 50. Rh5 Ra2 51. Kc2 Ra1 52. Rxg5 Ke4 53. h4
Rh1 54. g3 Rh3 55. h5 d5 56. Kb1 a5 57. Ka2 Rh1 58. b3 d4 59. cxd4 c3 60. Rg8 c2
0-1

[Event "Open Portugal 2019"]
[Site "Lisboa POR"]
[Date "2019.02.07"]
[Round "7.76"]
[White "Romano, João"]
[Black "Martins, José Carlos"]
[Result "1/2-1/2"]
[WhiteElo "2052"]
[BlackElo "1707"]
[WhiteFideId "1938541"]
[BlackFideId "1946005"]
[WhiteCountry "POR"]
[BlackCountry "POR"]
[PlyCount "102"]
[EventDate "2019.02.02"]

1. d4 d5 2. Nf3 Nf6 3. g3 Bf5 4. Bg2 e6 5. O-O c5 6. c4 dxc4 7. Nc3 Nc6 8. Qa4
Be7 9. Ne5 O-O 10. Nxc6 bxc6 11. dxc5 Bxc5 12. Qxc4 Qd4 13. Qxd4 Bxd4 14. Na4
Bc2 15. e3 Bxe3 16. Bxe3 Bxa4 17. Rfc1 Nd5 18. b3 Bb5 19. a4 Ba6 20. Rxc6 Nxe3
21. fxe3 Bb7 22. Rc7 Bxg2 23. Kxg2 g6 24. b4 Rfc8 25. Rac1 Rxc7 26. Rxc7 a6 27.
Rb7 Rc8 28. Kf3 Rc2 29. Rb6 a5 30. bxa5 Rc4 31. a6 Rxa4 32. Ke2 e5 33. Kd3 Kg7
34. Kc3 Kh6 35. Kb3 Ra1 36. Kc4 Kg5 37. Kd5 Kg4 38. Kxe5 Kh3 39. Kf6 Kxh2 40.
Kxf7 Kxg3 41. Rf6 Ra4 42. Kg7 h5 43. Kxg6 h4 44. Kf5 h3 45. e4 h2 46. Rh6 Rxa6
47. Rh8 Ra1 48. e5 h1=Q 49. Rxh1 Rxh1 50. e6 Rf1+ 51. Kg5 Re1 1/2-1/2

[Event "Open Portugal 2019"]
[Site "Lisboa POR"]
[Date "2019.02.07"]
[Round "7.77"]
[White "Oliveira, Fernando Alves"]
[Black "Javet, Blaise"]
[Result "0-1"]
[WhiteElo "1575"]
[BlackElo "2027"]
[WhiteFideId "1947869"]
[BlackFideId "1305026"]
[WhiteCountry "POR"]
[BlackCountry "SUI"]
[PlyCount "54"]
[EventDate "2019.02.02"]

1. d4 Nf6 2. e3 d5 3. Bd3 e6 4. f4 c5 5. c3 Nc6 6. Nd2 Qc7 7. Ngf3 cxd4 8. exd4
Qxf4 9. Qe2 Qc7 10. O-O Bd6 11. a3 h6 12. c4 dxc4 13. Nxc4 Bf4 14. Bxf4 Qxf4 15.
Qf2 Ng4 16. Qh4 g5 17. Nxg5 Qxd4+ 18. Kh1 hxg5 19. Nd6+ Kd7 20. Qxg4 Qxg4 21.
Nxf7 Rh4 22. Bb5 Kc7 23. Bxc6 bxc6 24. Rac1 Qh5 25. h3 Rf4 26. Ne5 Rxf1+ 27.
Rxf1 Qe2 0-1

[Event "Open Portugal 2019"]
[Site "Lisboa POR"]
[Date "2019.02.07"]
[Round "7.78"]
[White "Silva, Gonçalo"]
[Black "Pina, Tiago"]
[Result "1-0"]
[WhiteElo "2027"]
[BlackElo "1507"]
[WhiteFideId "1915100"]
[BlackFideId "1950673"]
[WhiteCountry "POR"]
[BlackCountry "POR"]
[PlyCount "109"]
[EventDate "2019.02.02"]

1. e4 c5 2. Nf3 Nc6 3. c3 Nf6 4. e5 Nd5 5. d4 cxd4 6. cxd4 e6 7. Nc3 Bb4 8. Bd2
Qa5 9. Qb3 Nxc3 10. bxc3 Be7 11. Bd3 Qc7 12. O-O b6 13. Bg5 h6 14. Bxe7 Nxe7 15.
Be4 Bb7 16. Nd2 O-O 17. a4 Rfc8 18. Bxb7 Qxb7 19. c4 d5 20. cxd5 Qxd5 21. Qxd5
exd5 22. Rfc1 Kf8 23. Kf1 a6 24. Rxc8+ Rxc8 25. Rb1 Rb8 26. Ke2 Nc6 27. Nb3 Ke7
28. Ke3 b5 29. Nc5 bxa4 30. Rxb8 Nxb8 31. Nxa4 Nc6 32. f4 g6 33. g4 h5 34. gxh5
gxh5 35. Nb6 Ke6 36. Na8 Kd7 37. f5 Nb4 38. Nb6+ Kc7 39. f6 Kd8 40. h4 a5 41.
Kd2 Nc6 42. Kd3 Nb4+ 43. Kc3 Ke8 44. Na4 Nc6 45. Nb6 Kd8 46. Nxd5 a4 47. Nb4 Na5
48. d5 Kd7 49. Nd3 Nb3 50. Nf4 Nc5 51. Kb4 Ne4 52. Kxa4 Nxf6 53. exf6 Kd6 54.
Kb5 Ke5 55. Kc6 1-0

[Event "Open Portugal 2019"]
[Site "Lisboa POR"]
[Date "2019.02.07"]
[Round "7.80"]
[White "Elias, Benjamim"]
[Black "Ferreira, Hugo"]
[Result "1/2-1/2"]
[WhiteElo "1819"]
[BlackElo "2136"]
[WhiteFideId "1903578"]
[BlackFideId "1915940"]
[WhiteCountry "POR"]
[BlackCountry "POR"]
[PlyCount "61"]
[EventDate "2019.02.02"]

1. f4 d5 2. e3 Nc6 3. Bb5 Bd7 4. Nf3 a6 5. Bxc6 Bxc6 6. Ne5 Bd7 7. O-O Nf6 8. d3
h5 9. h3 e6 10. Nd2 Qe7 11. Nxd7 Nxd7 12. Nf3 O-O-O 13. a3 f6 14. Bd2 g5 15. Nd4
c5 16. Ne2 g4 17. h4 Bg7 18. g3 Nb8 19. Rb1 e5 20. b4 c4 21. d4 Rhe8 22. Re1 Nc6
23. c3 exd4 24. cxd4 f5 25. Nc3 b5 26. Re2 Kc7 27. Rg2 Bxd4 28. exd4 Nxd4 29.
Kh1 Qd7 30. Qg1 Ne6 31. a4 1/2-1/2

[Event "Open Portugal 2019"]
[Site "Lisboa POR"]
[Date "2019.02.07"]
[Round "7.81"]
[White "Saltvedt, Martin"]
[Black "Maselli, Daniel"]
[Result "1-0"]
[WhiteElo "2095"]
[BlackElo "1816"]
[WhiteFideId "1518500"]
[BlackFideId "2814140"]
[WhiteCountry "NOR"]
[BlackCountry "ITA"]
[PlyCount "95"]
[EventDate "2019.02.02"]

1. e4 c5 2. c3 d6 3. d4 Nf6 4. Bd3 g6 5. dxc5 dxc5 6. e5 Nd5 7. Be4 e6 8. c4 Nb6
9. Qxd8+ Kxd8 10. b3 N6d7 11. f4 Kc7 12. Nf3 f5 13. Bc2 Nc6 14. Bb2 Be7 15. Nc3
a6 16. O-O-O b6 17. Nd5+ Kd8 18. Nxb6 Rb8 19. Nd5 Rf8 20. Nxe7 Kxe7 21. Ng5 Nb4
22. a3 Nxc2 23. Kxc2 Rh8 24. Rd6 Nf8 25. Rhd1 h6 26. Nh3 Bb7 27. R1d2 g5 28. g3
g4 29. Nf2 h5 30. a4 h4 31. Ba3 Rc8 32. Rb6 Bf3 33. Rxa6 hxg3 34. Ra7+ Ke8 35.
hxg3 Rh2 36. Nd3 Rh3 37. Bxc5 Nd7 38. Bf2 Be4 39. Kc3 Rh2 40. a5 Bxd3 41. Rxd3
Nxe5 42. fxe5 Rxf2 43. Rh7 Rc5 44. a6 Ra5 45. a7 Rfa2 46. Rdd7 Rh2 47. Rb7 Rxh7
48. Rxh7 1-0

[Event "Open Portugal 2019"]
[Site "Lisboa POR"]
[Date "2019.02.07"]
[Round "7.82"]
[White "Iasman, Inna"]
[Black "Cavaleiro, Daniel"]
[Result "1-0"]
[WhiteElo "1802"]
[BlackElo "2001"]
[WhiteFideId "24125563"]
[BlackFideId "1904663"]
[WhiteCountry "FRA"]
[BlackCountry "POR"]
[PlyCount "85"]
[EventDate "2019.02.02"]

1. d4 Nf6 2. c4 e6 3. Nf3 b6 4. a3 Bb7 5. Nc3 d5 6. Bg5 Be7 7. e3 O-O 8. cxd5
exd5 9. Bd3 Nbd7 10. Bf5 Re8 11. O-O g6 12. Bd3 Ne4 13. Bf4 Bd6 14. Bxd6 Nxd6
15. Rc1 c6 16. Ne2 Rc8 17. b4 b5 18. Nf4 Qf6 19. h4 h6 20. g3 Ra8 21. Nh2 Kg7
22. Qg4 Qe7 23. Nxg6 fxg6 24. Qxg6+ Kh8 25. Qxh6+ Kg8 26. Qg6+ Kh8 27. Ng4 Ne4
28. Qh6+ Kg8 29. Bxe4 Qxe4 30. f3 Qf5 31. Qd6 Qe6 32. Qc7 Nf6 33. Nxf6+ Qxf6 34.
Qxb7 Qe6 35. Rxc6 Qxe3+ 36. Kg2 Qd3 37. Rf2 Rab8 38. Qd7 Qxd4 39. Rg6+ Kh8 40.
Rh6+ Kg8 41. Qh7+ Kf8 42. Qf5+ Ke7 43. Rh7+ 1-0

[Event "Open Portugal 2019"]
[Site "Lisboa POR"]
[Date "2019.02.07"]
[Round "7.83"]
[White "Sismeiro, Miguel"]
[Black "Skjølingstad, Sverre"]
[Result "1-0"]
[WhiteElo "1997"]
[BlackElo "1782"]
[WhiteFideId "1950975"]
[BlackFideId "1519913"]
[WhiteCountry "POR"]
[BlackCountry "NOR"]
[PlyCount "83"]
[EventDate "2019.02.02"]

1. e4 c5 2. Nf3 e6 3. d4 cxd4 4. Nxd4 a6 5. Nc3 b5 6. Bd3 Qb6 7. Nb3 Qc7 8. O-O
Bb7 9. Qe2 Nf6 10. Bd2 Be7 11. f4 b4 12. Nd1 Nc6 13. Ne3 O-O 14. e5 Ne8 15. Qh5
f5 16. Nc4 g6 17. Qe2 a5 18. Be3 a4 19. Nbd2 d5 20. exd6 Nxd6 21. Bb6 Qd7 22.
Rae1 Kf7 23. Nf3 Bf6 24. Nce5+ Bxe5 25. Nxe5+ Nxe5 26. Qxe5 Ne4 27. Bd4 Rg8 28.
c3 bxc3 29. bxc3 Rac8 30. Rb1 Qd5 31. Bxe4 Qxe5 32. Rxb7+ Qc7 33. Rxc7+ Rxc7 34.
Bc2 Ra8 35. Rb1 h6 36. Rb4 a3 37. Rb6 Re7 38. Bb3 g5 39. Bc5 Ree8 40. Rb7+ Kg6
41. Bd4 Rg8 42. Bxe6 1-0

[Event "Open Portugal 2019"]
[Site "Lisboa POR"]
[Date "2019.02.07"]
[Round "7.84"]
[White "Cabaça, André"]
[Black "Martins, Diogo"]
[Result "0-1"]
[WhiteElo "1705"]
[BlackElo "1993"]
[WhiteFideId "1923552"]
[BlackFideId "1926934"]
[WhiteCountry "POR"]
[BlackCountry "POR"]
[PlyCount "78"]
[EventDate "2019.02.02"]

1. e4 c5 2. Nc3 g6 3. Bc4 Bg7 4. f4 Nc6 5. Nf3 d6 6. O-O Nf6 7. d3 Bg4 8. h3
Bxf3 9. Qxf3 O-O 10. g4 Nd7 11. Nd5 e6 12. Ne3 Nd4 13. Qf2 b5 14. Bb3 a5 15. c3
Nxb3 16. axb3 b4 17. Qc2 Qh4 18. Kh2 Nb6 19. Bd2 Qe7 20. Nc4 Nxc4 21. bxc4 f5
22. exf5 exf5 23. Rae1 Qd7 24. g5 Rfe8 25. b3 d5 26. Rf2 Re6 27. Rxe6 Qxe6 28.
cxb4 axb4 29. cxd5 Qxd5 30. Qc4 Qxc4 31. dxc4 Bd4 32. Rg2 Ra3 33. Rg3 Ra2 34.
Rd3 Bc3 35. Rd8+ Kg7 36. Rd7+ Kf8 37. Rxh7 Rxd2+ 38. Kg3 Rd3+ 39. Kg2 Bg7 0-1

[Event "Open Portugal 2019"]
[Site "Lisboa POR"]
[Date "2019.02.07"]
[Round "7.85"]
[White "Rego, João Rui"]
[Black "Rionda Medio, Ángel"]
[Result "1-0"]
[WhiteElo "1761"]
[BlackElo "1992"]
[WhiteFideId "1934465"]
[BlackFideId "2238934"]
[WhiteCountry "POR"]
[BlackCountry "ESP"]
[PlyCount "59"]
[EventDate "2019.02.02"]

1. e4 e6 2. d3 c5 3. Nd2 Nc6 4. Ngf3 g6 5. g3 Bg7 6. Bg2 Nge7 7. O-O O-O 8. Re1
d6 9. c3 b5 10. Nf1 Qb6 11. Qc2 a5 12. Bf4 Rd8 13. e5 d5 14. h4 Bb7 15. N1h2 h5
16. g4 hxg4 17. Nxg4 Nf5 18. Qc1 d4 19. h5 gxh5 20. Nh6+ Bxh6 21. Bxh6 Nce7 22.
Qg5+ Kh7 23. Qf6 Rg8 24. Ng5+ Rxg5 25. Bxg5 Bxg2 26. Qxf7+ Ng7 27. Kxg2 Nef5 28.
Rh1 Qc6+ 29. f3 h4 30. Bxh4 1-0

[Event "Open Portugal 2019"]
[Site "Lisboa POR"]
[Date "2019.02.07"]
[Round "7.86"]
[White "Haynes, Noah"]
[Black "Barbier, Astrid"]
[Result "1/2-1/2"]
[WhiteElo "1658"]
[BlackElo "1945"]
[WhiteFideId "1543172"]
[BlackFideId "200395"]
[WhiteCountry "NOR"]
[BlackCountry "BEL"]
[PlyCount "92"]
[EventDate "2019.02.02"]

1. d4 f5 2. e4 fxe4 3. Nc3 Nf6 4. Bg5 c6 5. Bxf6 exf6 6. Nxe4 d5 7. Ng3 Bd6 8.
Bd3 Kf7 9. N1e2 Na6 10. O-O Nb4 11. Bf5 g6 12. Bxc8 Rxc8 13. c3 Na6 14. Qd2 Kg7
15. Nf4 Qd7 16. Rfe1 Nc7 17. Re2 Rhe8 18. Rae1 Rxe2 19. Rxe2 Re8 20. Nd3 b6 21.
Qe1 Kf7 22. Rxe8 Qxe8 23. Qxe8+ Kxe8 24. Kf1 Ne6 25. Ke2 Nf4+ 26. Nxf4 Bxf4 27.
Nf1 Kd7 28. Kd3 c5 29. b3 Bd6 30. Ne3 Kc6 31. h3 cxd4 32. Kxd4 Be5+ 33. Kd3 a5
34. Ng4 Kc5 35. a4 h5 36. Nxe5 fxe5 37. g3 d4 38. cxd4+ exd4 39. f4 Kd5 40. g4
h4 41. f5 gxf5 42. gxf5 Ke5 43. f6 Kxf6 44. Kxd4 Kf5 45. Ke3 Ke5 46. Kf3 Kf5
1/2-1/2

[Event "Open Portugal 2019"]
[Site "Lisboa POR"]
[Date "2019.02.07"]
[Round "7.87"]
[White "Barrento, Jorge"]
[Black "Candeias, Humberto"]
[Result "0-1"]
[WhiteElo "1701"]
[BlackElo "1932"]
[WhiteFideId "1906500"]
[BlackFideId "1903454"]
[WhiteCountry "POR"]
[BlackCountry "POR"]
[PlyCount "40"]
[EventDate "2019.02.02"]

1. d4 Nf6 2. Nc3 d6 3. Bf4 c6 4. e4 Qa5 5. f3 e5 6. Be3 Nbd7 7. Nge2 d5 8. Bd2
Qb6 9. dxe5 Nxe5 10. exd5 Bc5 11. Qc1 Bf2+ 12. Kd1 Bf5 13. Ng3 Bxg3 14. hxg3 Qd4
15. Ne2 Qxd5 16. Ke1 O-O-O 17. Nc3 Qd6 18. Bf4 Rhe8 19. Kf2 Qd4+ 20. Be3 Neg4+
0-1

[Event "Open Portugal 2019"]
[Site "Lisboa POR"]
[Date "2019.02.07"]
[Round "7.88"]
[White "Moretti, Filippo"]
[Black "Sá, Nuno"]
[Result "1/2-1/2"]
[WhiteElo "1928"]
[BlackElo "1767"]
[WhiteFideId "2805001"]
[BlackFideId "1908219"]
[WhiteCountry "ITA"]
[BlackCountry "POR"]
[PlyCount "87"]
[EventDate "2019.02.02"]

1. e4 e5 2. Nf3 Nf6 3. Nc3 Bb4 4. d3 d5 5. Bd2 Nc6 6. a3 Ba5 7. b4 Bb6 8. Bg5
dxe4 9. Nxe4 Bf5 10. Be2 Bxe4 11. Bxf6 Qxf6 12. dxe4 Rd8 13. Bd3 Nd4 14. a4
Nxf3+ 15. Qxf3 Qxf3 16. gxf3 Rd6 17. Ke2 a5 18. Rhb1 Bd4 19. Ra2 axb4 20. Rxb4
b6 21. a5 bxa5 22. Rxa5 Ke7 23. Rc4 Bb6 24. Rxe5+ Re6 25. Rxe6+ Kxe6 26. Ra4 Ke5
27. Rb4 Ra8 28. Rb5+ Ke6 29. f4 Ra5 30. Rb1 Rh5 31. Rh1 Rh3 32. Ba6 Kf6 33. f3
Ke7 34. Bc8 Rh6 35. Bb7 Rd6 36. Bd5 Rf6 37. f5 g6 38. fxg6 Rxg6 39. Kf1 h6 40.
Bc4 Kf6 41. Bd3 Ke5 42. Bc4 f6 43. Be2 Kf4 44. Bd1 1/2-1/2

[Event "Open Portugal 2019"]
[Site "Lisboa POR"]
[Date "2019.02.07"]
[Round "7.89"]
[White "Damasceno, Jorge"]
[Black "Calzada Cruz, Osvaldo"]
[Result "1-0"]
[WhiteElo "1890"]
[BlackElo "1754"]
[WhiteFideId "1900960"]
[BlackFideId "3509460"]
[WhiteCountry "POR"]
[BlackCountry "CUB"]
[PlyCount "47"]
[EventDate "2019.02.02"]

1. Nf3 d5 2. c4 e6 3. d4 Nf6 4. cxd5 exd5 5. Nc3 c6 6. Qc2 Bd6 7. Bg5 h6 8. Bxf6
Qxf6 9. Nxd5 Qe6 10. Nc3 Na6 11. a3 g5 12. O-O-O Bd7 13. e4 Rc8 14. Kb1 b5 15.
e5 Be7 16. Ne4 g4 17. Nfd2 c5 18. d5 Qxe5 19. d6 Bd8 20. Bxb5 Bxb5 21. Rhe1 Kf8
22. Nc3 Qxd6 23. Nxb5 Qb6 24. Nc4 1-0

[Event "Open Portugal 2019"]
[Site "Lisboa POR"]
[Date "2019.02.07"]
[Round "7.91"]
[White "Gomes, José Luis"]
[Black "Silva, Tiago Alexandre"]
[Result "1/2-1/2"]
[WhiteElo "1844"]
[BlackElo "1750"]
[WhiteFideId "1901710"]
[BlackFideId "1935321"]
[WhiteCountry "POR"]
[BlackCountry "POR"]
[PlyCount "70"]
[EventDate "2019.02.02"]

1. e4 c5 2. Nc3 Nc6 3. g3 g6 4. Bg2 Bg7 5. d3 d6 6. f4 e6 7. Nf3 Nge7 8. Be3 a6
9. O-O b5 10. Rb1 Nd4 11. Ne2 Nxe2+ 12. Qxe2 O-O 13. Bf2 Qc7 14. e5 d5 15. d4 c4
16. c3 a5 17. g4 b4 18. Nh4 Qc6 19. a3 bxc3 20. bxc3 Bd7 21. Be3 Rab8 22. Qc2 a4
23. Bh3 Rb3 24. f5 exf5 25. gxf5 Nxf5 26. Nxf5 Bxf5 27. Bxf5 gxf5 28. Rxb3 axb3
29. Qxf5 Qg6+ 30. Qxg6 hxg6 31. Bc1 Ra8 32. Bb2 Bf8 33. Ra1 Ra4 34. Kf2 Kh7 35.
Kf3 Be7 1/2-1/2

[Event "Open Portugal 2019"]
[Site "Lisboa POR"]
[Date "2019.02.07"]
[Round "7.92"]
[White "Marcos Herrero, Francisco"]
[Black "Cordeiro, João"]
[Result "0-1"]
[WhiteElo "1837"]
[BlackElo "1745"]
[WhiteFideId "2279045"]
[BlackFideId "1935291"]
[WhiteCountry "ESP"]
[BlackCountry "POR"]
[PlyCount "48"]
[EventDate "2019.02.02"]

1. d4 d5 2. c4 e6 3. Nf3 Nf6 4. g3 Be7 5. Bg2 O-O 6. O-O b6 7. Nc3 Bb7 8. cxd5
Nxd5 9. Re1 Nxc3 10. bxc3 Nd7 11. e4 c5 12. Qb3 cxd4 13. cxd4 Nf6 14. e5 Nd5 15.
Bd2 Qd7 16. Rac1 Rac8 17. Bf1 a6 18. a3 Rxc1 19. Rxc1 Rc8 20. Bd3 Rxc1+ 21. Bxc1
Qc6 22. Qc2 Nc3 23. Kf1 Qxf3 24. Qxc3 Qd1+ 0-1

[Event "Open Portugal 2019"]
[Site "Lisboa POR"]
[Date "2019.02.07"]
[Round "7.93"]
[White "Hestvik, Elias"]
[Black "Haisma, Henk"]
[Result "1-0"]
[WhiteElo "1825"]
[BlackElo "1727"]
[WhiteFideId "1534904"]
[BlackFideId "1038486"]
[WhiteCountry "NOR"]
[BlackCountry "NED"]
[PlyCount "81"]
[EventDate "2019.02.02"]

1. e4 c5 2. Nf3 d6 3. Bb5+ Nc6 4. d4 a6 5. Bxc6+ bxc6 6. dxc5 Qa5+ 7. Nc3 Qxc5
8. O-O Qa5 9. Qd4 e5 10. Qc4 Bd7 11. Be3 Rb8 12. Rab1 Rb4 13. Qd3 Rb8 14. a3 Be7
15. b4 Qc7 16. Qxa6 Nf6 17. Qd3 O-O 18. Rfd1 Rfd8 19. a4 d5 20. Bc5 dxe4 21.
Nxe4 Be6 22. Nxf6+ gxf6 23. Qe3 Rxd1+ 24. Rxd1 Bxc5 25. Qxc5 Rd8 26. Rd2 e4 27.
Nd4 Qc8 28. g3 Bd5 29. c4 e3 30. fxe3 Be4 31. Qe7 Re8 32. Qxf6 Qg4 33. Qf4 Qg7
34. Rf2 Rd8 35. Qf6 Rc8 36. Qxg7+ Kxg7 37. Nf5+ Bxf5 38. Rxf5 Rb8 39. b5 Rb6 40.
a5 Rb8 41. a6 1-0

[Event "Open Portugal 2019"]
[Site "Lisboa POR"]
[Date "2019.02.07"]
[Round "7.94"]
[White "Selva Salvador, Antonio"]
[Black "Avelino, Camila"]
[Result "1/2-1/2"]
[WhiteElo "1825"]
[BlackElo "1689"]
[WhiteFideId "2223821"]
[BlackFideId "1938975"]
[WhiteCountry "ESP"]
[BlackCountry "POR"]
[PlyCount "127"]
[EventDate "2019.02.02"]

1. d4 Nf6 2. Nf3 g6 3. b3 Bg7 4. Bb2 O-O 5. g3 d6 6. Bg2 c6 7. O-O h6 8. Nbd2
Be6 9. c4 Na6 10. Re1 Nc7 11. Qc2 Bf5 12. e4 Nxe4 13. Nxe4 d5 14. Nh4 Bxe4 15.
Bxe4 dxe4 16. Rxe4 Ne8 17. Rae1 e6 18. Nf3 Nf6 19. R4e2 Qc7 20. h4 Rad8 21. Ne5
Nd7 22. Qe4 Bxe5 23. dxe5 Nc5 24. Qe3 Nd3 25. Rb1 Nxb2 26. Rbxb2 h5 27. Qg5 Rd4
28. Rb1 Rfd8 29. Rbe1 c5 30. Re4 Rxe4 31. Rxe4 Rd1+ 32. Kh2 Qc6 33. Qe3 b6 34.
Qe2 Qd7 35. Re3 Qd2 36. Qf3 Rf1 37. Kg2 Qd1 38. Qxd1 Rxd1 39. Re2 Kf8 40. Kf3
Ke7 41. Ke3 Rd4 42. Rd2 Rxd2 43. Kxd2 f6 44. exf6+ Kxf6 45. Ke3 Ke5 46. a3 a5
47. f3 Kf5 48. Kd3 Ke5 49. Kc3 Kf5 50. b4 axb4+ 51. axb4 Ke5 52. bxc5 bxc5 53.
Kd3 Kf5 54. Ke3 e5 55. Kd3 Ke6 56. Ke4 Kd6 57. g4 Ke6 58. Ke3 Kf6 59. Kd3 Ke7
60. Ke4 Ke6 61. gxh5 gxh5 62. f4 exf4 63. Kxf4 Kf6 64. Ke4 1/2-1/2

[Event "Open Portugal 2019"]
[Site "Lisboa POR"]
[Date "2019.02.07"]
[Round "7.95"]
[White "Kubicka, Anna"]
[Black "Alonso Rodríguez, Tristán"]
[Result "1-0"]
[WhiteElo "2186"]
[BlackElo "1370"]
[WhiteFideId "1152254"]
[BlackFideId "24594520"]
[WhiteTitle "WIM"]
[WhiteCountry "POL"]
[BlackCountry "ESP"]
[PlyCount "69"]
[EventDate "2019.02.02"]

1. e4 e5 2. Nf3 d6 3. d4 Nd7 4. Bc4 Ngf6 5. Ng5 d5 6. exd5 Bd6 7. dxe5 Nxe5 8.
Bb5+ c6 9. dxc6 bxc6 10. Be2 O-O 11. Nc3 Bf5 12. O-O Qc7 13. h3 Rad8 14. Bd2 h6
15. Nf3 Nxf3+ 16. Bxf3 Bf4 17. Bxf4 Qxf4 18. Qc1 Qc7 19. Re1 Rd7 20. Ne4 Nxe4
21. Bxe4 Be6 22. Qe3 Re8 23. Qc5 Red8 24. Qxc6 Qxc6 25. Bxc6 Rc7 26. Be4 Rb8 27.
b3 Rb5 28. Rad1 g6 29. Bxg6 fxg6 30. Rxe6 Rxc2 31. Rxg6+ Kh7 32. Ra6 Rb7 33.
Rdd6 Rb6 34. Rxa7+ Kg8 35. Rd8# 1-0

[Event "Open Portugal 2019"]
[Site "Lisboa POR"]
[Date "2019.02.07"]
[Round "7.96"]
[White "Bouton, Christophe"]
[Black "Vedor, Bernardo"]
[Result "1-0"]
[WhiteElo "1988"]
[BlackElo "1650"]
[WhiteFideId "603813"]
[BlackFideId "1953540"]
[WhiteCountry "FRA"]
[BlackCountry "POR"]
[PlyCount "81"]
[EventDate "2019.02.02"]

1. e4 e5 2. Nf3 Nc6 3. Bb5 a6 4. Ba4 Nf6 5. Bxc6 dxc6 6. d3 Bd6 7. O-O Be6 8.
Nbd2 O-O 9. b3 Nd7 10. Bb2 f5 11. exf5 Bxf5 12. Qe1 Bg4 13. Nxe5 Re8 14. f4 Bc5+
15. Kh1 Nf6 16. Qg3 Bf5 17. Rae1 Bd4 18. Bxd4 Qxd4 19. Qf2 Qb2 20. Ndc4 Qc3 21.
Qd2 Qd4 22. Nf3 Qd8 23. Rxe8+ Qxe8 24. Re1 Qf7 25. Ng5 Qh5 26. Qf2 Ng4 27. Qg3
h6 28. Nf3 Nf6 29. Re7 Qg4 30. Ne3 Qxg3 31. hxg3 Bd7 32. Ne5 Re8 33. Rxe8+ Bxe8
34. Kg1 b5 35. b4 Kf8 36. Kf2 Ke7 37. Nf5+ Kf8 38. Nd4 Nd5 39. a3 c5 40. Ne6+
Ke7 41. Nxc5 1-0

[Event "Open Portugal 2019"]
[Site "Lisboa POR"]
[Date "2019.02.07"]
[Round "7.97"]
[White "Gentes Benito, Ángel"]
[Black "Gonçalves, Carlos"]
[Result "1-0"]
[WhiteElo "1907"]
[BlackElo "1644"]
[WhiteFideId "2225549"]
[BlackFideId "1912879"]
[WhiteCountry "ESP"]
[BlackCountry "POR"]
[PlyCount "55"]
[EventDate "2019.02.02"]

1. e4 d5 2. exd5 Qxd5 3. Nc3 Qd6 4. d4 Nf6 5. Bc4 Bf5 6. Nge2 c6 7. Bf4 Qd7 8.
f3 Be6 9. Bd3 Bf5 10. g4 Bxd3 11. Qxd3 Nd5 12. Bg3 e6 13. O-O-O b5 14. f4 a5 15.
f5 Bd6 16. fxe6 fxe6 17. Rhf1 Qe7 18. Nxd5 exd5 19. Rde1 Kd7 20. Bxd6 Kxd6 21.
Qg3+ Kd7 22. Nf4 Qb4 23. c3 Qd6 24. Re6 Qc7 25. Rfe1 Qd8 26. Nd3 Kc8 27. Nc5 Nd7
28. Rxc6+ 1-0